Statistiken für Weltstädte A-Z #2

Klicken Sie hier um das Quiz zu spielen!

Allgemein

  • Dieses Quiz wurde 1,163 mal gespielt
  • Das Durchschnittsergebnis liegt bei 18 aus 26

Antwortstatistiken

Hinweis Stadt % Korrekt
FDeutschlands FinanzhauptstadtFrankfurt
97%
RJulius CaesarRom
95%
BHauptstadt von KatalonienBarcelona
94%
ZHauptstadt KroatiensZagreb
92%
NHerkunftsort der PizzaNeapel
91%
DHöchstes Gebäude der WeltDubai
89%
OEnglands erste UniversitätsstadtOxford
89%
JHauptstadt von IndonesienJakarta
87%
KEine der drei Hauptstädte SüdafrikasKapstadt
86%
SLeningradSt. Petersburg
81%
IÖsterreichischer Gastgeber der WinterspieleInnsbruck
81%
LGastronomische Hauptstadt FrankreichsLyon
81%
WHatte ein jüdisches Ghetto bis 1943Warschau
79%
MNationalhymne FrankreichsMarseille
76%
HJackie ChanHongkong
75%
PAnti-Sowjet-Rebellion, Frühling 1968Prag
68%
YVon Mauern umgebene Stadt in NordenglandYork
63%
VGrößte Stadt in British ColumbiaVancouver
63%
EHauptstadt AlbertasEdmonton
49%
TBen Gurion-FlughafenTel Aviv
49%
QBemauerte Stadt am Sankt-Lorenz-StromQuébec
45%
GZweitgrößte Metropole in MexikoGuadalajara
44%
AIn der Mitte des OutbacksAlice Springs
34%
CRick's CaféCasablanca
32%
XAuf der anderen Seite der TaiwanstraßeXiamen
20%
UNordostthailandUdon Thani
6%

Verteilung der Resultate

Perzentil nach korrekt beantworteten Fragen

Anzahl Personen mit jedem Resultat

Ihre Resultats-Entwicklung

Sie haben dieses Quiz noch nicht gespielt